000 00904nam a22002417a 4500
005 20221221145840.0
008 221221b ||||| |||| 00| 0 eng d
020 _a1860745954
040 _cAL
041 _aeng
082 _223
_a791.43
_bLARM
100 _aJesse Larner
_967297
245 _aMoore and Us:
_bThe rise of Michael Moore and his quest for a new world order
260 _aUK
_bSanctuary Publishing
_c2005
300 _a255p.
_bHB
_c20x13cm.
365 _2Fine Art
520 _aThe author presents a balanced assessment of Moore's impact on the political and cultural life of America, from his breakthrough film Roger & Me through his most recent film, Fahrenheit 9/11. 25,000 first printing. $50,000 ad/promo.
650 _aClass Still Matters
_967290
650 _aRoadkill Politics
_967291
650 _aRoad Ahead
_967292
700 _aLARNER (Jesse)
_967293
942 _2ddc
_cDB
999 _c226011
_d226011